Propuesta de plan de mantenimiento preventivo de los equipos del área de trillado, evitando retrasos y pérdidas en el proceso, en la empresa Agropecuaria Valdivia, en el municipio de San Isidro, departamento de Matagalpa, del año 2022

La investigación consiste en el diseño de un plan de mantenimiento preventivo para los equipos y máquinas de la empresa “Agropecuarias Valdivia”, los cuales están bajo la supervisión del área de servicios generales.

Bibliographic Details
Main Authors: Fernández Martínez, José Alejandro, Bravo Dávila, Oscar Sael, Cuadra Pravia, Alondra Belén
Other Authors: Tutor: González Cantarero, Dominga Dalila
Format: Tesis Section = Libro
Language:Undetermined
Spanish
Published: Managua UNI 2023
Subjects:
LEADER 01235nam a2200265Ia 4500
008 240830s9999 xx 000 0 und d
040 |a BIBLIOTECA-RUPAP/ Mon 658.202 F363 
041 |a spa 
082 |a Mon 658.202 F363 
100 1 |a Fernández Martínez, José Alejandro 
100 1 |b Bravo Dávila, Oscar Sael 
100 1 |c Cuadra Pravia, Alondra Belén 
245 1 0 |a Propuesta de plan de mantenimiento preventivo de los equipos del área de trillado, evitando retrasos y pérdidas en el proceso, en la empresa Agropecuaria Valdivia, en el municipio de San Isidro, departamento de Matagalpa, del año 2022 
260 |a Managua  |b UNI  |c 2023 
300 |a 113 p. :il. 
500 |a Contiene: anexos y CD. 
502 |a Tesis (Ingeniero Industrial) - UNI, 2023. 
520 3 |a La investigación consiste en el diseño de un plan de mantenimiento preventivo para los equipos y máquinas de la empresa “Agropecuarias Valdivia”, los cuales están bajo la supervisión del área de servicios generales. 
650 7 |a MANTENIMIENTO INDUSTRIAL 
650 7 |b  MANTENIMIENTO PREVENTIVO 
650 7 |c  PLANEACION 
700 1 |a Tutor:  |b González Cantarero, Dominga Dalila 
942 |c BK  |2 ddc 
991 |a Tesis 
999 |c 27566